| 000 | 00708nam a2200253Ia 4500 | ||
|---|---|---|---|
| 003 | OSt | ||
| 005 | 20221005120837.0 | ||
| 006 | a|||||r|||| 00| 0 | ||
| 007 | ta | ||
| 008 | 221004b |||||||| |||| 00| 0 ara d | ||
| 020 | _c630 | ||
| 024 | _a40274 | ||
| 037 |
_b313, 27/01/2010, Nadwi Publications _cTextual |
||
| 040 |
_aCRL _cCRL _bara |
||
| 041 |
_2ara _aara |
||
| 082 | _aP28:3, N9 | ||
| 100 |
_aAltaba Umar Farooq Au. _9629720 |
||
| 245 | 0 | _aFiqah al-lughat | |
| 260 | _c1999 | ||
| 300 |
_a351p. _ccm. |
||
| 650 |
_aARABIC LANGUAGE - GRAMMAR _939799 |
||
| 942 |
_hP28:3, N9 _cTEXL _2cc |
||
| 999 |
_c1039298 _d1039298 |
||